000 00371nam a2200157 4500
008 190603s2011||||xo d
245 1 0 _aTajomstvo sily srdca
260 _bIKAR
_aBratislava
_c2011
041 1 _aslo
044 _axo
_cSK
100 1 _aSchache Ruediger
_91166
250 _a1. vydanie
300 _a159 s.
020 _a9788055127750
_c0
958 _aA
999 _c22470
_d22470